Guide to operating systems (Record no. 203748)

MARC details
000 -LEADER
fixed length control field 00414nam a2200169Ia 4500
008 - FIXED-LENGTH DATA ELEMENTS--GENERAL INFORMATION
fixed length control field 231221s9999 xx 000 0 und d
020 ## - INTERNATIONAL STANDARD BOOK NUMBER
International Standard Book Number 9790000000000
041 ## - LANGUAGE CODE
Language code of text/sound track or separate title English
082 ## - DEWEY DECIMAL CLASSIFICATION NUMBER
Classification number 001.642 PAL;
100 ## - MAIN ENTRY--PERSONAL NAME
Personal name Palmer, Michael Walter, Michael
245 #0 - TITLE STATEMENT
Title Guide to operating systems
260 ## - PUBLICATION, DISTRIBUTION, ETC.
Date of publication, distribution, etc. 2007
Name of publisher, distributor, etc. Thomson
300 ## - PHYSICAL DESCRIPTION
Extent xxi+697
300 ## - PHYSICAL DESCRIPTION
Dimensions 47228
650 ## - SUBJECT ADDED ENTRY--TOPICAL TERM
Topical term or geographic name entry element operating,systems
942 ## - ADDED ENTRY ELEMENTS (KOHA)
Koha item type Compact Disks
Holdings
Date last seen Total checkouts Full call number Accession number Price effective from Category Lost status Damaged status Department Withdrawn status Home library Current library Shelving location Entry date Vendor Grants Billnumber Billdate Currency symbol Conversion rate Discount Old discount
26/01/2024   001.642 PAL; CD3237 26/01/2024 Compact Disks     CS   Central Library Central Library CS   Tata Book House CS/PG 898 30/11/2009 RS 1    
26/01/2024   001.642 PAL; CD3238 26/01/2024 Compact Disks     CS   Central Library Central Library CS   Tata Book House CS/PG 898 30/11/2009 RS 1    

© For any Suggestions or Query, please contact the library staff @ librarian@pes.edu or Phone: +9180 2672 1983/ 2108.